000 00701nam a2200181Ia 4500
008 100921s9999 xx 000 0 und d
082 _b33484
_a550 न 00
100 _aनाईक ज्ञानदा.
245 _aनिसर्गसुक्त.
260 _bपद्मगंधा प्रकाशन, पुणे.
_c2000
300 _a186
_bजयेश एजन्सी,पुणे.
365 _b130
520 _aविज्ञान-भौमिक शास्त्रे.
630 _aनिसर्गसुक्त.
650 _aविज्ञान-भौमिक शास्त्रे.
730 _aनिसर्गसुक्त.
942 _cBOOK
999 _c782597
_d782594